000
00349 a2200169 4500
001
72614
020
_a
8532207189
040
_c
Anchieta - Colégio São Paulo
100
_a
Pessoa, Fernando
240
1
0
_a
Mensagem
_l
por
245
1
0
_a
Mensagem
300
_a
109
362
0
_a
1992
440
1
_a
FTD
650
4
_a
Poesia brasileira
942
_c
BK
999
_c
72614
_d
72614